[Event "London Classic Open 2014"]
[Site "London ENG"]
[Date "2014.12.09"]
[Round "2.35"]
[White "Cox, John J"]
[Black "Lien, Kjell Hakon"]
[Result "1-0"]
[WhiteTitle "IM"]
[WhiteElo "2361"]
[BlackElo "2078"]
[WhiteFideId "401064"]
[BlackFideId "1510444"]
[EventDate "2014.12.08"]

1. d4 d5 2. Nf3 c6 3. c4 Nf6 4. e3 e6 5. Nbd2 Nbd7 6. b3 Bd6 7. Bb2 O-O 8. Bd3
Qe7 9. Ne5 Ba3 10. Bxa3 Qxa3 11. O-O Nxe5 12. dxe5 Nd7 13. f4 Qc5 14. Qe2 f6 15.
exf6 Nxf6 16. Kh1 Bd7 17. e4 Be8 18. e5 Nh5 19. g3 g6 20. Rac1 Qe7 21. Qe3 Bd7
22. Nf3 Ng7 23. Rc2 Nf5 24. Qf2 Qd8 25. Bxf5 Rxf5 26. Nd4 Rf8 27. cxd5 cxd5 28.
Rfc1 Qb6 29. Kg2 Rac8 30. Nf3 Qxf2+ 31. Kxf2 Rxc2+ 32. Rxc2 Rc8 33. Rxc8+ Bxc8
34. g4 Bd7 35. Kg3 Kg7 36. b4 a6 37. Kf2 h6 38. Ke3 Kf7 39. Kd4 b6 40. g5 h5 41.
Nd2 Ke7 42. Nb1 Kd8 43. Nc3 Kc7 44. h4 Kc6 45. a3 Be8 46. f5 gxf5 47. Ne2 Kb5
48. Kc3 Bf7 49. Nf4 Ka4 50. g6 Be8 51. Kb2 d4 52. g7 Bf7 53. Ne2 Kb5 54. Kb3 Kc6
55. Kc4 d3 56. Nd4+ Kd7 57. Kxd3 Bg8 58. a4 Ke7 59. Nc6+ Kf7 60. Nb8 Bh7 61.
Nxa6 f4+ 62. Ke2 Bc2 63. Nc7 Kxg7 64. Kf3 Bxa4 65. Nxe6+ Kg6 66. Kxf4 Bd1 67.
Nc7 Bg4 68. Nd5 b5 69. Nc3 Bd7 70. Ne2 Be6 71. Nd4 Bc4 72. Ke4 Bf1 73. Kd5 1-0

[Event "London Classic Open 2014"]
[Site "London ENG"]
[Date "2014.12.09"]
[Round "2.36"]
[White "Rozycki, Bartlomiej"]
[Black "Gourlay, Iain"]
[Result "1/2-1/2"]
[BlackTitle "FM"]
[WhiteElo "2085"]
[BlackElo "2360"]
[WhiteFideId "1106996"]
[BlackFideId "2401533"]
[EventDate "2014.12.08"]

1. d4 d5 2. c4 c6 3. Nf3 Nf6 4. g3 Bg4 5. Bg2 e6 6. Qb3 Qb6 7. c5 Qa6 8. Nc3
Nbd7 9. O-O Be7 10. Re1 O-O 11. e4 dxe4 12. Bf1 Qa5 13. Nd2 e5 14. Nc4 Qd8 15.
Nxe5 Nxe5 16. dxe5 Nd7 17. Nxe4 Nxe5 18. Be2 Bxe2 19. Rxe2 Qd3 20. Re3 Qd4 21.
Bd2 Ng4 22. Bc3 Qd5 23. Ree1 Qh5 24. h4 Bxc5 25. Bxg7 Kxg7 26. Qc3+ Qe5 27. Qxc5
Qxc5 28. Nxc5 b6 29. Nd3 Rad8 30. Rad1 Rd4 31. Nf4 Rfd8 32. Rxd4 Rxd4 33. Kg2
Rd2 34. Re2 Rxe2 35. Nxe2 Ne5 36. b3 c5 37. f4 Ng4 38. Kf3 f5 39. Nc3 Nf6 40.
Nb5 a6 41. Nd6 Kg6 42. Nc4 b5 43. Ne5+ Kg7 44. a4 Ne4 45. g4 Nd2+ 46. Ke3 Nxb3
47. axb5 axb5 48. g5 Nd4 49. h5 Ne6 50. h6+ Kf8 51. Nd7+ Kf7 52. Nf6 Kg6 53. Nd5
Nxg5 54. fxg5 Kxg5 55. Nc7 b4 56. Ne6+ Kxh6 57. Nxc5 Kg5 58. Kf3 h5 59. Ne6+ Kf6
60. Nd4 h4 61. Kf4 Kg6 62. Nb3 h3 63. Kg3 Kg5 64. Kxh3 Kf4 65. Kg2 Ke3 66. Kf1
Kd3 67. Kf2 Kc4 68. Na5+ Kc3 1/2-1/2

[Event "London Classic Open 2014"]
[Site "London ENG"]
[Date "2014.12.09"]
[Round "2.37"]
[White "Harari, Zaki"]
[Black "Salomon, Johan"]
[Result "0-1"]
[BlackTitle "FM"]
[WhiteElo "2074"]
[BlackElo "2343"]
[WhiteFideId "2002639"]
[BlackFideId "1509500"]
[EventDate "2014.12.08"]

1. e4 e5 2. Nf3 Nc6 3. d4 exd4 4. Bc4 Bc5 5. O-O d6 6. c3 Bg4 7. b4 Bb6 8. Qb3
Bxf3 9. Bxf7+ Kf8 10. Bxg8 Rxg8 11. gxf3 Qf6 12. c4 d3 13. c5 dxc5 14. bxc5 Bxc5
15. Qxb7 Rb8 16. Qxc7 Qxa1 17. Qxc6 Bb4 18. Bf4 Qf6 19. Qc7 Rd8 20. Nd2 g5 21.
Be3 Rg7 22. Qc4 Bd6 23. Bc5 Bxc5 24. Qxc5+ Qd6 25. Qa5 Qc7 26. Qf5+ Rf7 27. Qb5
Qb6 28. Qe5 Qd4 29. Qa5 Rc8 30. Rb1 Qc3 31. Qa6 Kg7 32. Rb5 Qxd2 0-1

[Event "London Classic Open 2014"]
[Site "London ENG"]
[Date "2014.12.09"]
[Round "2.38"]
[White "Amato, Andrea"]
[Black "Jurgensen, Graham"]
[Result "1-0"]
[WhiteTitle "FM"]
[BlackTitle "CM"]
[WhiteElo "2338"]
[BlackElo "2070"]
[WhiteFideId "813222"]
[BlackFideId "14300788"]
[EventDate "2014.12.08"]

1. Nf3 Nf6 2. c4 g6 3. Nc3 Bg7 4. e4 d6 5. d4 O-O 6. h3 e5 7. d5 Na6 8. Bg5 Bd7
9. Be2 Qe8 10. Nd2 h6 11. Be3 Nxe4 12. Ndxe4 f5 13. g4 fxe4 14. Nxe4 Qe7 15. h4
Nc5 16. Qc2 Nxe4 17. Qxe4 Qf6 18. O-O-O c5 19. Rdg1 Rab8 20. Rh3 h5 21. Rf3 Qxh4
22. Qxg6 hxg4 23. Rxf8+ Rxf8 24. Bxg4 Bxg4 25. Rxg4 Qf6 26. Bh6 Qxg6 27. Rxg6
Kh7 28. Rxg7+ Kxh6 29. Rxb7 Rf4 30. b3 a5 31. Rd7 Rf6 32. Kd1 Rxf2 33. Rxd6+ Kg7
34. Re6 Kf7 35. Rxe5 a4 36. d6 axb3 37. axb3 Rf6 38. Rxc5 1-0

[Event "London Classic Open 2014"]
[Site "London ENG"]
[Date "2014.12.09"]
[Round "2.39"]
[White "Gutkind, Kedem"]
[Black "Buckley, Graeme N"]
[Result "0-1"]
[BlackTitle "IM"]
[WhiteElo "2064"]
[BlackElo "2327"]
[WhiteFideId "1046519"]
[BlackFideId "402265"]
[EventDate "2014.12.08"]

1. e4 c5 2. Nf3 Nc6 3. Bb5 g6 4. Bxc6 dxc6 5. d3 Bg7 6. h3 b6 7. a4 a5 8. Na3
Nh6 9. O-O O-O 10. Re1 f6 11. Be3 e5 12. c3 Nf7 13. Qb3 Rb8 14. Rad1 Qc7 15. d4
Kh8 16. dxc5 Be6 17. c4 bxc5 18. Qc3 Rb4 19. b3 f5 20. Nc2 f4 21. Bc1 Rb7 22.
Rd3 Ra7 23. Ba3 g5 24. Kf1 h5 25. Ng1 g4 26. hxg4 hxg4 27. Red1 Rb8 28. g3 Kh7
29. Qd2 Rab7 30. Na1 Ng5 31. gxf4 Nxe4 32. Qe2 Bf5 33. fxe5 Qxe5 34. Re3 Qf4 35.
Rxe4 Bxe4 36. Bxc5 Re8 37. Be3 Qf5 38. Qd2 g3 39. f4 Rbe7 40. Bd4 Bxd4 0-1

[Event "London Classic Open 2014"]
[Site "London ENG"]
[Date "2014.12.09"]
[Round "2.40"]
[White "Schoorl, Rob"]
[Black "Wettasinha, Vasanta"]
[Result "1-0"]
[WhiteTitle "FM"]
[WhiteElo "2327"]
[BlackElo "1761"]
[WhiteFideId "1009508"]
[BlackFideId "9904433"]
[EventDate "2014.12.08"]

1. e4 c5 2. Nf3 g6 3. d4 cxd4 4. Nxd4 Nc6 5. c4 Bg7 6. Be3 d6 7. Nc3 Nf6 8. Be2
O-O 9. O-O a5 10. Ndb5 Nd7 11. Qd2 Nc5 12. f3 Be6 13. Rfd1 f5 14. exf5 gxf5 15.
Nd5 Bf7 16. Qc2 Bxd5 17. cxd5 Ne5 18. Nd4 f4 19. Bf2 Qe8 20. b3 Qg6 21. Rac1
Qxc2 22. Rxc2 Bf6 23. Bb5 Kf7 24. g3 Rg8 25. Kf1 fxg3 26. hxg3 h5 27. Ke2 Rh8
28. Rh1 Rag8 29. a3 h4 30. g4 Nxg4 31. fxg4 Rxg4 32. Kf3 Rxd4 33. Bxd4 Bxd4 34.
b4 axb4 35. axb4 Na6 36. Rc4 Bf6 37. Bd7 Rh6 38. Be6+ Kg7 39. Rg1+ Rg6 40. Rxg6+
Kxg6 41. Bc8 1-0

[Event "London Classic Open 2014"]
[Site "London ENG"]
[Date "2014.12.09"]
[Round "2.41"]
[White "Johansson, Toni"]
[Black "Holm, Kristian Stuvik"]
[Result "0-1"]
[BlackTitle "FM"]
[WhiteElo "2062"]
[BlackElo "2326"]
[WhiteFideId "1703269"]
[BlackFideId "1508083"]
[EventDate "2014.12.08"]

1. c4 Nf6 2. g3 e6 3. Bg2 d5 4. Nf3 dxc4 5. O-O Nbd7 6. d4 cxd3 7. Qxd3 Be7 8.
Rd1 O-O 9. Nc3 c6 10. Bf4 Nd5 11. Qc4 Qb6 12. Bd2 Qxb2 13. Rab1 Qa3 14. Ne4 N7b6
15. Qc2 Qa4 16. Rb3 f6 17. Nc3 Nxc3 18. Bxc3 e5 19. Nh4 Qg4 20. Ba5 f5 21. Bxb6
axb6 22. Nf3 Bf6 23. Rxb6 Qa4 24. Rb2 e4 0-1

[Event "London Classic Open 2014"]
[Site "London ENG"]
[Date "2014.12.09"]
[Round "2.42"]
[White "Maisuradze, Nino"]
[Black "Sajjadi, Kimiya"]
[Result "1-0"]
[WhiteTitle "WGM"]
[WhiteElo "2323"]
[BlackElo "1611"]
[WhiteFideId "13601717"]
[BlackFideId "1516434"]
[EventDate "2014.12.08"]

1. d4 d5 2. c4 dxc4 3. Nf3 Nf6 4. e3 c6 5. Bxc4 b5 6. Bb3 e6 7. O-O Nbd7 8. a4
b4 9. a5 c5 10. Ba4 Bd6 11. dxc5 Bxc5 12. Ne5 O-O 13. Qf3 Nd5 14. Bxd7 Bxd7 15.
Rd1 Nf6 16. Nxd7 Nxd7 17. Qb7 Qf6 18. Rxd7 Rac8 19. Nd2 Qh6 20. Nb3 Qh5 21. Bd2 1-0

[Event "London Classic Open 2014"]
[Site "London ENG"]
[Date "2014.12.09"]
[Round "2.43"]
[White "Stamos, Filippos"]
[Black "Sanders, Isaac B"]
[Result "1-0"]
[BlackTitle "FM"]
[WhiteElo "2060"]
[BlackElo "2323"]
[WhiteFideId "4242807"]
[BlackFideId "417661"]
[EventDate "2014.12.08"]

1. d4 Nf6 2. c4 g6 3. Nc3 Bg7 4. e4 d6 5. Nf3 O-O 6. Be2 Bg4 7. Be3 Nfd7 8. Ng1
Bxe2 9. Ngxe2 Nc6 10. O-O Na5 11. Qa4 c6 12. Rad1 Qc7 13. b3 Rfe8 14. Rd2 b6 15.
Qa3 Rab8 16. Qc1 b5 17. cxb5 cxb5 18. Nd5 Qb7 19. Rc2 e6 20. Rc7 Qa8 21. Rxd7
exd5 22. exd5 Qxd5 23. Rxa7 Nc6 24. Rc7 Nxd4 25. Bxd4 Rxe2 26. Bxg7 Kxg7 27. Rc2
Rbe8 28. Qb2+ R2e5 29. f4 1-0

[Event "London Classic Open 2014"]
[Site "London ENG"]
[Date "2014.12.09"]
[Round "2.45"]
[White "Iyengar, Ilya"]
[Black "Fernandez, Daniel Howard"]
[Result "0-1"]
[BlackTitle "IM"]
[WhiteElo "2002"]
[BlackElo "2454"]
[WhiteFideId "405949"]
[BlackFideId "5801605"]
[EventDate "2014.12.08"]

1. d4 c6 2. Nf3 Nf6 3. c4 d5 4. Nc3 g6 5. Bf4 Bg7 6. e3 O-O 7. Bd3 Bg4 8. h3
Bxf3 9. Qxf3 e6 10. O-O Nbd7 11. cxd5 Nxd5 12. Bh2 Re8 13. Rfd1 Qa5 14. Ne4 e5
15. Nd6 Re7 16. Nc4 Qc7 17. Rac1 N5b6 18. Nxe5 Nxe5 19. dxe5 Bxe5 20. Bxe5 Qxe5
21. Rc2 Rd8 22. Bf1 Red7 23. Rxd7 Rxd7 24. g3 Kg7 25. e4 Rd4 26. Bg2 h5 27. Qc3
Rd1+ 28. Kh2 Qxc3 29. bxc3 Nc4 30. Bf3 Rd2 31. Rxd2 Nxd2 32. Bg2 Nb1 33. c4 Nc3
34. Kg1 Nxa2 35. Kf1 Nc1 36. Ke1 Nd3+ 37. Kd2 Nxf2 38. Ke2 a5 39. c5 a4 40. Kd2
a3 41. Kc2 Nd3 42. Kb3 Kf6 43. Kxa3 Ke5 44. Ka4 Nxc5+ 45. Ka5 Nxe4 46. Kb6 Nxg3
47. Kxb7 c5 0-1

[Event "London Classic Open 2014"]
[Site "London ENG"]
[Date "2014.12.09"]
[Round "2.46"]
[White "Jackson, James P"]
[Black "Prior, Stephen C V"]
[Result "1-0"]
[WhiteTitle "FM"]
[WhiteElo "2356"]
[BlackElo "2014"]
[WhiteFideId "416860"]
[BlackFideId "423378"]
[EventDate "2014.12.08"]

1. e4 c5 2. Nf3 d6 3. d4 cxd4 4. Nxd4 Nf6 5. Nc3 e6 6. Be3 a6 7. Be2 Be7 8. f4
Qc7 9. g4 Nfd7 10. h4 Nc6 11. Qd2 b5 12. Bf3 Bb7 13. O-O-O b4 14. Nce2 Rc8 15.
Nxc6 Bxc6 16. g5 Qb7 17. Ng3 b3 18. axb3 Qxb3 19. Kb1 Qb7 20. h5 Rb8 21. Bd4 e5
22. Bc3 Nc5 23. Nf5 Na4 24. b3 Bxe4 25. Bxe4 Qxe4 26. Nxd6+ Bxd6 27. Qxd6 Nxc3+
28. Kc1 Qxf4+ 29. Rd2 Qb4 30. Qxe5+ Kf8 31. Rd7 Qf4+ 32. Qxf4 Ne2+ 33. Kb2 Nxf4
34. h6 Ne6 35. Ra7 Nxg5 36. Rxa6 gxh6 37. c4 Kg7 38. Kc3 Rhd8 39. Re1 h5 40. b4
Rdc8 41. c5 Rb5 42. Rea1 Rcb8 43. R1a4 h4 44. R6a5 Ne4+ 45. Kc4 Nd2+ 46. Kc3
Ne4+ 47. Kc4 Rxa5 48. Rxa5 h3 49. Ra2 Kf8 50. Rh2 Ng5 51. b5 Ke7 52. b6 Kd7 53.
Kb5 Re8 54. c6+ Kc8 55. Ra2 Re5+ 56. Kc4 Kb8 57. b7 Re4+ 58. Kb5 Kc7 59. Ra8
Re5+ 60. Ka6 Kxc6 61. b8=Q Re6 62. Ka5 Kd5 63. Qf4 Re5 64. Rb8 Ke6+ 65. Ka6 f6
66. Re8+ Kf7 67. Rxe5 h2 68. Re1 1-0

[Event "London Classic Open 2014"]
[Site "London ENG"]
[Date "2014.12.09"]
[Round "2.47"]
[White "Vachtfeidl, Petr"]
[Black "Wall, Tim P"]
[Result "0-1"]
[BlackTitle "FM"]
[WhiteElo "1985"]
[BlackElo "2276"]
[WhiteFideId "315028"]
[BlackFideId "401641"]
[EventDate "2014.12.08"]

1. e4 d5 2. exd5 Qxd5 3. Nc3 Qa5 4. d4 Nf6 5. Nf3 Bf5 6. Bd2 c6 7. Ne4 Qb6 8.
Nxf6+ gxf6 9. b4 Nd7 10. a3 Rg8 11. g3 Be4 12. Be3 e6 13. c4 Be7 14. Bd3 Bxd3
15. Qxd3 f5 16. O-O Qc7 17. d5 O-O-O 18. dxc6 Qxc6 19. Nd4 Qe4 20. Qxe4 fxe4 21.
f4 Nf6 22. Kg2 Ng4 23. Bg1 Bf6 24. Rad1 a6 25. Rfe1 e3 26. h3 Nf2 27. Bxf2 exf2
28. Re4 f1=Q+ 29. Kxf1 Rxg3 30. Kf2 Rxh3 0-1

[Event "London Classic Open 2014"]
[Site "London ENG"]
[Date "2014.12.09"]
[Round "2.48"]
[White "Stigar, Petter"]
[Black "Allison, Conrad"]
[Result "1-0"]
[WhiteTitle "FM"]
[WhiteElo "2194"]
[BlackElo "1956"]
[WhiteFideId "1500341"]
[BlackFideId "429244"]
[EventDate "2014.12.08"]

1. Nf3 Nf6 2. c4 g6 3. g3 Bg7 4. Bg2 O-O 5. d4 d6 6. O-O Nbd7 7. Nc3 e5 8. e4
exd4 9. Nxd4 Nc5 10. h3 a5 11. Re1 Re8 12. Qc2 Nfxe4 13. Nxe4 Bxd4 14. Bg5 Qd7
15. Nf6+ Bxf6 16. Bxf6 Ra6 17. Bc3 h5 18. Qd2 Kh7 19. Rxe8 Qxe8 20. Re1 Be6 21.
g4 hxg4 22. Qg5 Qf8 23. Qh4+ Qh6 24. Qd8 g5 25. hxg4 Bxg4 26. Re8 1-0

[Event "London Classic Open 2014"]
[Site "London ENG"]
[Date "2014.12.09"]
[Round "2.49"]
[White "Wandowicz, Kajetan"]
[Black "Bates, Caspar J"]
[Result "0-1"]
[WhiteElo "1741"]
[BlackElo "2185"]
[WhiteFideId "1169777"]
[BlackFideId "414760"]
[EventDate "2014.12.08"]

1. e4 d5 2. Nc3 d4 3. Nce2 c5 4. Ng3 Nc6 5. Bb5 Qb6 6. a4 e6 7. Nf3 Ne7 8. Ne5
Qc7 9. Qh5 g6 10. Qg5 h6 11. Qf4 f5 12. Nxg6 Qxf4 13. Nxf4 e5 14. Nd3 a6 15.
Bxc6+ Nxc6 16. Nxf5 Bxf5 17. exf5 c4 18. Nxe5 Nxe5 19. O-O Kf7 20. Rb1 Bg7 21.
b3 c3 22. dxc3 dxc3 23. f4 Ng4 24. h3 Bd4+ 25. Kh1 Nf2+ 26. Kh2 Rae8 27. Ba3 Re2
28. Rbc1 Rg8 29. Rfe1 Rge8 30. Rf1 Be3 0-1

[Event "London Classic Open 2014"]
[Site "London ENG"]
[Date "2014.12.09"]
[Round "2.50"]
[White "Zoldan, Matteo"]
[Black "Woong, Zhi Wei William"]
[Result "1-0"]
[WhiteTitle "CM"]
[WhiteElo "2174"]
[BlackElo "1912"]
[WhiteFideId "805319"]
[BlackFideId "5804906"]
[EventDate "2014.12.08"]

1. c4 e6 2. Nc3 d5 3. d4 Nf6 4. cxd5 exd5 5. Bg5 c6 6. Qc2 Be7 7. e3 Nbd7 8. Bd3
O-O 9. Nf3 Re8 10. O-O h6 11. Bh4 Ne4 12. Bxe7 Qxe7 13. Bxe4 dxe4 14. Nd2 Nf6
15. Rae1 b6 16. Nc4 Qb4 17. Ne5 Ba6 18. a3 Qd6 19. Ne2 c5 20. Qa4 b5 21. Qb3 Qd5
22. Qxd5 Nxd5 23. Rc1 cxd4 24. exd4 b4 25. Rfe1 Bxe2 26. Rxe2 f6 27. Nc6 Nf4 28.
Rd2 Nd3 29. Rc4 e3 30. fxe3 Rxe3 31. h3 bxa3 32. bxa3 Nf4 33. d5 g5 34. d6 1-0

[Event "London Classic Open 2014"]
[Site "London ENG"]
[Date "2014.12.09"]
[Round "2.51"]
[White "Farrand, Tom"]
[Black "Terzo, Andrea"]
[Result "1-0"]
[WhiteElo "2172"]
[BlackElo "1809"]
[WhiteFideId "406457"]
[BlackFideId "897353"]
[EventDate "2014.12.08"]

1. e4 e6 2. d4 d5 3. Nc3 Nf6 4. Bg5 Be7 5. e5 Nfd7 6. Bxe7 Qxe7 7. Qg4 O-O 8.
Bd3 c5 9. Nf3 Nc6 10. Bxh7+ Kxh7 11. Qh5+ Kg8 12. Ng5 Qxg5 13. Qxg5 cxd4 14. Ne2
Ndxe5 15. Rd1 Nc4 16. b3 Na3 17. Qc1 Nb5 18. a4 Nc3 19. Nxc3 dxc3 20. Rd3 d4 21.
Rg3 f6 22. h4 e5 23. h5 Bf5 24. h6 g6 25. Rh5 Kh8 26. Rxf5 gxf5 27. Qd1 Rg8 28.
Qh5 Rxg3 29. fxg3 Rg8 30. Qxf5 Rxg3 31. Kf2 Rg8 32. Qxf6+ Kh7 33. Qf7+ Kh8 34.
Qf5 e4 35. Qxe4 Rf8+ 36. Ke2 Rf6 37. b4 Rxh6 38. b5 Na5 39. Qxd4+ Kh7 40. Qxa7
Rd6 41. Qxa5 Rd2+ 42. Ke3 Rxc2 43. Qc7+ Kg6 44. Qxb7 Ra2 45. Qc6+ Kg7 46. Qxc3+ 1-0

[Event "London Classic Open 2014"]
[Site "London ENG"]
[Date "2014.12.09"]
[Round "2.52"]
[White "Klingher, Dominic"]
[Black "Orgler, Philipp"]
[Result "0-1"]
[WhiteElo "1799"]
[BlackElo "2165"]
[WhiteFideId "428850"]
[BlackFideId "1604236"]
[EventDate "2014.12.08"]

1. f4 d5 2. e3 c5 3. Nf3 e6 4. b3 Nf6 5. Bb2 Be7 6. Bd3 Ne4 7. O-O O-O 8. Nc3 f5
9. Ne5 Nd7 10. Ne2 Nxe5 11. fxe5 Bd7 12. Nf4 g5 13. Nh5 Be8 14. Bxe4 dxe4 15.
Nf6+ Bxf6 16. exf6 Qd6 17. g4 Bg6 18. Qe2 f4 19. exf4 gxf4 20. Rad1 e5 21. g5
Qe6 22. Qc4 Qxc4 23. bxc4 Rfe8 24. Rfe1 Kf7 25. h4 Ke6 26. Kf2 Kf5 27. d3 e3+
28. Kg2 Bh5 29. Rb1 Kg4 30. Bc1 b6 31. Rh1 e4 32. Rb3 exd3 33. cxd3 f3+ 34. Kf1
f2 35. Rb2 Kg3 36. Re2 Bf3 37. Bxe3 Bg2# 0-1

[Event "London Classic Open 2014"]
[Site "London ENG"]
[Date "2014.12.09"]
[Round "2.53"]
[White "Makepeace, Philip J"]
[Black "Kumar, Shankar"]
[Result "1-0"]
[WhiteElo "2103"]
[BlackElo "1764"]
[WhiteFideId "413550"]
[BlackFideId "15600149"]
[EventDate "2014.12.08"]

1. e4 c5 2. Nf3 Nc6 3. d4 cxd4 4. Nxd4 e5 5. Nb3 Nf6 6. Bg5 h6 7. Bxf6 Qxf6 8.
a3 d6 9. Nc3 Qg6 10. Nb5 Qxe4+ 11. Be2 Kd8 12. Nxd6 Bxd6 13. Qxd6+ Ke8 14. Nc5
Qd4 15. Qxd4 Nxd4 16. Bd3 b6 17. Ne4 Ke7 18. c3 Ne6 19. O-O-O Bb7 20. Rhe1 f6
21. Ng3 Rhd8 22. Nf5+ Kf8 23. g3 Bf3 24. Be2 Rxd1+ 25. Bxd1 Bxd1 26. Rxd1 Rd8
27. Rxd8+ Nxd8 28. Kc2 Kf7 29. Kd3 Kg6 30. Ke4 Ne6 31. Nh4+ Kf7 32. b4 g6 33.
Kd5 Nd8 34. c4 g5 35. Nf5 Kg6 36. Nd6 Nf7 37. c5 Nd8 38. c6 Nxc6 39. Kxc6 f5 40.
Kd5 e4 41. Ke5 1-0

[Event "London Classic Open 2014"]
[Site "London ENG"]
[Date "2014.12.09"]
[Round "2.54"]
[White "Altman, Joshua"]
[Black "Villiers, Thomas"]
[Result "0-1"]
[WhiteTitle "CM"]
[WhiteElo "1723"]
[BlackElo "2061"]
[WhiteFideId "426210"]
[BlackFideId "427209"]
[EventDate "2014.12.08"]

1. e4 Nf6 2. e5 Nd5 3. d4 d6 4. c4 Nb6 5. exd6 exd6 6. Nc3 Nc6 7. Be3 Be7 8. Nf3
Bg4 9. b3 O-O 10. Be2 Re8 11. Rc1 Bf6 12. O-O d5 13. c5 Nc8 14. h3 Bxf3 15. Bxf3
N6e7 16. Qd3 c6 17. b4 Ng6 18. g3 Nf8 19. Bg2 Ne7 20. Rcd1 g6 21. g4 Bg7 22.
Rde1 Qc7 23. f4 f5 24. g5 Kf7 25. Nb1 Ng8 26. Nd2 Ne6 27. h4 h5 28. Kh1 Ne7 29.
Kg1 Qd7 30. Kh1 a5 31. a3 axb4 32. axb4 Ra4 33. Rb1 Nc7 34. Nf3 Nb5 35. Ne5+
Bxe5 36. fxe5 Rea8 37. Bf4 Ra3 38. Qd2 Qe6 39. Rb2 Nc3 40. Rc2 Ne4 41. Bxe4 dxe4
42. Rc3 Rxc3 43. Qxc3 Nd5 44. Qd2 Nxf4 45. Qxf4 Qb3 46. Kg1 Ra2 47. Rf2 Ra1+ 48.
Kg2 Ke6 49. Qg3 Rg1+ 50. Kxg1 Qxg3+ 51. Rg2 Qe1+ 52. Kh2 Qxh4+ 53. Kg1 e3 0-1

[Event "London Classic Open 2014"]
[Site "London ENG"]
[Date "2014.12.09"]
[Round "2.55"]
[White "Lane, Peter C R"]
[Black "Lie, Terje"]
[Result "1-0"]
[WhiteElo "2043"]
[BlackElo "1593"]
[WhiteFideId "407607"]
[BlackFideId "1504916"]
[EventDate "2014.12.08"]

1. Nf3 Nf6 2. c4 e6 3. g3 d5 4. Bg2 c6 5. b3 Be7 6. O-O O-O 7. Bb2 Na6 8. d3 Nc7
9. Nbd2 Nd7 10. Qc2 Re8 11. e4 Bf6 12. e5 Be7 13. Rfe1 g6 14. Nf1 Bf8 15. Bc1
Kg7 16. Bf4 b6 17. Qd2 Bb7 18. Rad1 a5 19. Bh6+ Kg8 20. Bxf8 Nxf8 21. Ne3 f5 22.
exf6 Qxf6 23. Ng4 Qg7 24. Nh6+ Kh8 25. Ng5 Re7 26. Qf4 Qc3 27. Rc1 Qb2 28. Rc2
Qg7 29. Ngf7+ Rxf7 30. Nxf7+ Kg8 31. Qxc7 Qxf7 32. Qxf7+ Kxf7 33. cxd5 exd5 34.
Bxd5+ cxd5 35. Rc7+ Kf6 36. Rxb7 Ra6 37. Re8 Ne6 38. Reb8 Ke5 39. Rxb6 Nc5 40.
Rxa6 Nxa6 41. Ra8 Nb4 42. Rxa5 Nxd3 43. Ra7 h5 44. a4 Kd4 45. a5 Nb4 46. a6 Kc3
47. Rc7+ Kxb3 48. a7 d4 49. a8=Q d3 50. Qa1 g5 51. Rc3# 1-0

[Event "London Classic Open 2014"]
[Site "London ENG"]
[Date "2014.12.09"]
[Round "2.57"]
[White "Willmoth, Robert F"]
[Black "Shah, Dipak K"]
[Result "1-0"]
[WhiteElo "2182"]
[BlackElo "1873"]
[WhiteFideId "402540"]
[BlackFideId "425842"]
[EventDate "2014.12.08"]

1. c4 e5 2. g3 Nf6 3. Bg2 Bc5 4. Nc3 O-O 5. d3 h6 6. Nf3 d6 7. O-O c6 8. d4 exd4
9. Nxd4 Be6 10. Nxe6 fxe6 11. e4 Qe7 12. Qe2 Nbd7 13. h3 Nh7 14. Kh2 e5 15. f4
exf4 16. gxf4 Qh4 17. Bd2 Rf7 18. Rad1 Raf8 19. Be1 Qe7 20. Bg3 a6 21. a3 Ba7
22. Rd2 Bb8 23. Rfd1 g5 24. f5 Ne5 25. b3 Nf6 26. Rg1 h5 27. Kh1 Rg7 28. Nd1 h4
29. Bf2 Rh7 30. Qe3 Nf7 31. Bf3 Kh8 32. Re2 Rg8 33. Qd2 Ne5 34. Bg4 c5 35. Nc3
Nexg4 36. hxg4 Qe5 37. Be1 Re7 38. Qe3 Rh7 39. Nd5 Nxd5 40. cxd5 1-0

[Event "London Classic Open 2014"]
[Site "London ENG"]
[Date "2014.12.09"]
[Round "2.59"]
[White "Kalaiyalahan, Akshaya"]
[Black "Slade, Theodore"]
[Result "1-0"]
[WhiteElo "2080"]
[BlackElo "1869"]
[WhiteFideId "422894"]
[BlackFideId "426547"]
[EventDate "2014.12.08"]

1. d4 Nf6 2. Nf3 e6 3. g3 b6 4. Bg2 Bb7 5. O-O Be7 6. c4 O-O 7. Nc3 Ne4 8. Qc2
Nxc3 9. Qxc3 c5 10. Qd3 Bxf3 11. Qxf3 Nc6 12. d5 Ne5 13. Qe4 Qc7 14. Bf4 Bd6 15.
Rad1 f5 16. Qc2 Rad8 17. dxe6 dxe6 18. Rxd6 Qxd6 19. Qc3 Qd4 20. Bxe5 Qxc3 21.
Bxc3 Rd6 22. Re1 Rfd8 23. e4 Rd1 24. Kf1 Kf7 25. exf5 Rxe1+ 26. Kxe1 exf5 27.
Bd5+ Kg6 28. f4 Rd7 29. Be5 b5 30. Bc6 Rd8 31. cxb5 Kf7 32. Ke2 g6 33. a4 h6 34.
a5 Rc8 35. Bd5+ Ke7 36. b6 axb6 37. axb6 1-0

[Event "London Classic Open 2014"]
[Site "London ENG"]
[Date "2014.12.09"]
[Round "2.60"]
[White "Cumming, Rhys"]
[Black "Calderon, Paul"]
[Result "1-0"]
[WhiteElo "2057"]
[BlackElo "1866"]
[WhiteFideId "470163"]
[BlackFideId "2082160"]
[EventDate "2014.12.08"]

1. e4 c5 2. Nf3 Nc6 3. Bb5 g6 4. Bxc6 bxc6 5. O-O Bg7 6. Re1 e5 7. c3 Ne7 8. d4
cxd4 9. cxd4 exd4 10. Nxd4 O-O 11. Nc3 h6 12. Bf4 Qb6 13. Nb3 Re8 14. Qd2 Kh7
15. Rad1 Ng8 16. Bd6 Be5 17. Bxe5 Rxe5 18. Qf4 Re7 19. Rd6 Qb4 20. Red1 Kg7 21.
R1d4 Qb8 22. Qd2 Nf6 23. Nc5 Nd5 24. Nxd5 Qxd6 25. Nxe7 Qxe7 26. Rd6 Rb8 27.
Qd4+ Kg8 28. e5 a5 29. a3 Rb5 30. f4 Qh4 31. g3 Qg4 32. Qf2 Qf5 33. Kg2 Qb1 34.
Rd2 Qc1 35. Rc2 Qd1 36. Ne4 Qd5 37. Qf3 Kg7 38. Rd2 Qe6 39. Qc3 Rb3 40. Nc5 Qd5+
41. Rxd5 Rxc3 42. bxc3 cxd5 43. Kf3 Kf8 44. Ke3 Ke7 45. Kd4 d6 46. Nb3 a4 47.
exd6+ Kxd6 48. Nc5 g5 49. Nxa4 gxf4 50. gxf4 Ke6 51. Nc5+ Kf5 52. Nd3 Bb7 53. a4
Kg4 54. Ke3 f6 55. a5 h5 56. Nf2+ Kf5 57. h3 Bc8 58. Nd3 Ke6 59. Kd4 Kd6 60. Nc5
Kc6 61. a6 Kb6 62. h4 Bh3 63. Kxd5 f5 64. Kd6 Bg2 65. c4 Bf1 66. Nd7+ Kxa6 67.
c5 Kb7 68. c6+ Ka7 69. Nc5 Kb8 70. c7+ Kc8 71. Nd7 Kb7 72. Nb6 1-0